000 01387cam a22002895a 4500
001 L159044
008 151216s2015 xxk f 000 0 eng d
035 _a(Sirsi) u159044
041 0 _aeng
110 2 _aOffice for National Statistics
_92210
245 0 0 _aOfficial house price statistics explained
_h[electronic resource]
260 _aLondon
_bONS
_c2013
520 _aExplains the different methodologies used to calculate a house price index in the UK and identfies the different indices including Halifax and Nationwde. Offical statistics include the ONS for the UK, Land Registry for England and Wales, Registers of Scotland and Northern Ireland Property House Price Index. A single UK official house price index is planned for mid 2016. For up to date information see www.ons.gov.uk
590 _aKA
650 2 4 _aHOUSE PRICES
650 2 4 _aINDICES
650 2 4 _aONS HOUSE PRICE INDEX
650 2 4 _aLAND REGISTRY HOUSE PRICE INDEX
650 2 4 _aREGISTERS OF SCOTLAND
650 2 4 _aNORTHERN IRELAND RESIDENTIAL HOUSE PRICE INDEX
650 2 4 _aNATIONWIDE
650 2 4 _aHALIFAX
651 4 _aUnited Kingdom
_y
690 _aResidential property
_96266
856 4 0 _uhttps://www.ons.gov.uk/ons/rel/hpi/house-price-index-guidance/official-house-price-statistics-explained/index.html
_zView the item free of charge from the www.ons.gov.uk website.
942 _n0
999 _c115642
_d115642